Revolución, conservadurismo, tradicionalismo (Record no. 126748)

MARC details
000 -LEADER
campo de control de longitud fija 00611nam a2200157 4500
001 - NÚMERO DE CONTROL
campo de control 126748
003 - IDENTIFICADOR DE NÚMERO DE CONTROL
campo de control ES-MaACL
005 - FECHA Y HORA DE LA ÚLTIMA TRANSACCIÓN
campo de control 20230906192854.0
007 - CAMPO FIJO DE DESCRIPCIÓN FÍSICA--INFORMACIÓN GENERAL
campo de control de longitud fija t|
008 - DATOS DE LONGITUD FIJA--INFORMACIÓN GENERAL
campo de control de longitud fija 070214s1974 sp r ||||1| spa d
111 2# - ENTRADA PRINCIPAL--NOMBRE DE CONGRESO/REUNIÓN
Nombre de congreso/reunión o jurisdicción como elemento de entrada Reunión de Amigos de la Ciudad Católica (
Número del congreso/reunión o número de parte o sección 12ª.
Fecha del congreso o de la firma del tratado 1973.
Sede del congreso/Lugar de la reunión Porta del Mar, Tarragona)
9 (RLIN) 135186
245 10 - MENCIÓN DEL TÍTULO
Título Revolución, conservadurismo, tradicionalismo
Resto del título : actas de la XII Reunión Amigos de la Ciudad Católica, Porta del mar, Salou, Tarragona, 7, 8 y 9 de diciembre de 1973.
260 ## - PUBLICACIÓN, DISTRIBUCIÓN, ETC.
Lugar de publicación, distribución, etc. Madrid :
Nombre del editor, distribuidor, etc. Speiro,
Fecha de publicación, distribución, etc. 1974.
300 ## - DESCRIPCIÓN FÍSICA
Extensión 205 p. ;
Dimensiones 22 cm.
852 ## - LOCALIZACIÓN
Ubicación ES-MaACL
Número de control de estantería E-6524
Sublocalización o colección R.91011
Holdings
Estatus retirado Estado de pérdida Estado de daño No para préstamo Biblioteca de origen Biblioteca actual Ubicación en estantería Fecha de adquisición Fuente de adquisición Total de préstamos Signatura topográfica completa Código de barras Visto por última vez Precio de reemplazo Tipo de ítem Koha
        Biblioteca del Ateneo de Madrid Biblioteca del Ateneo de Madrid Depósito 2 17/01/2008     E-6524 1132020 23/02/2023 23/02/2023 Libro impreso